HIV / AIDS & Widows in Manipur / (Record no. 168147)

MARC details
000 -LEADER
fixed length control field 00633nam a22001937a 4500
005 - DATE AND TIME OF LATEST TRANSACTION
control field 20190927115703.0
010 ## - LCCN (DPL NO)
LC control number ENG-126573
020 ## - INTERNATIONAL STANDARD BOOK NUMBER
Terms of availability 395.00
International Standard Book Number 9789385503412
035 ## - SYSTEM CONTROL NUMBER
System control number EN-110105
037 ## - SOURCE OF ACQUISITION
Source of stock number/acquisition DBAD/PUB
082 ## - DEWEY DECIMAL CLASSIFICATION NUMBER
Classification number 614.599
100 ## - MAIN ENTRY--PERSONAL NAME
Personal name Beeju , Kamei
245 ## - TITLE STATEMENT
Title HIV / AIDS & Widows in Manipur /
Statement of responsibility, etc By Kamei Beeju
260 ## - PUBLICATION, DISTRIBUTION, ETC. (IMPRINT)
Place of publication, distribution, etc New Delhi
Name of publisher, distributor, etc New Delhi Publishers
Date of publication, distribution, etc 2016
270 ## - ADDRESS
City New Delhi
Address 90, Sainik Vihar , Mohan Garden
Postal code 110059
Telephone number 011-25372232 , 9971676330
Electronic mail address ndpublishers@gmail.com
300 ## - PHYSICAL DESCRIPTION
Extent xiii155p.
Dimensions 22cm,(pbk)
500 ## - GENERAL NOTE
General note Including Bibliography.
942 ## - ADDED ENTRY ELEMENTS (KOHA)
Source of classification or shelving scheme Dewey Decimal Classification
Item type English Books
Classification part 614.599
Call number suffix BEE
Holdings
Withdrawn status Lost status Not for loan Collection code Home library Current library Date acquired Source of acquisition Cost, normal purchase price Full call number Barcode Copy number Cost, replacement price Koha item type
      Non-fiction Andrews Gunj Andrews Gunj 27/09/2019 DBAD/PUB 395.00 614.599 BEE EN-110105 1 395.00 English Books

© Delhi Public Library
Hit Counter
free hit counter